najwięcej miliarderów per capita - Statystyki

Ogólne statystyki
  • Ten quiz został rozwiązany 11 razy
  • Średni wynik to 4 z 20
Statystyki odpowiedzi
liczba miliarderów # Państwo % Poprawnych
735 11 USA
80%
134 13 Niemcy
50%
64 17 Kanada
30%
3 1 Monako
30%
26 4 Singapur
30%
46 16 Australia
20%
11 19 Austria
10%
3 6 Cypr
10%
9 15 Dania
10%
6 18 Finlandia
10%
9 12 Irlandia
10%
1 9 Islandia
10%
30 7 Izrael
10%
1 3 Lichtenstein
10%
13 10 Norwegia
10%
2 2 Saint Kitts & Nevis
10%
1 20 Suazi
10%
41 5 szwajcaria
10%
45 8 Szwecja
10%
51 14 Tajwan
10%
Nie znaleziono quizów pasujących do podanych kryteriów
Rozkład punktacji
Procent ludzi z każdym wynikiem
Percentyl według liczby udzielonych odpowiedzi
Twoja historia wyników
Nie rozwiązałeś tego quizu